00370 2200157 4500245004000000020001800040250001100058100002000069650001600089005001900105260003000124041001400154084000800168300002700176336000900203 aOrang KetigacYuditha HardinihText a979-780-394-5 aCet. 1 aYuditha Hardini aNovel Fiksi a20230117084654 aJakartabGagasMediac2010 aIndonesia a813 avi, 246 hlm. :c19 cm. atext